| 000 | 01057nam a22002297a 4500 | ||
|---|---|---|---|
| 999 |
_c10264 _d10264 |
||
| 003 | AR-CdUCM | ||
| 008 | 190329b ||||| |||| 00| 0 spa d | ||
| 040 |
_aMUNICIPALIDAD PROVINCIAL DEL CUSCO _cBIBLIOTECA MUNICIPAL DEL CUSCO |
||
| 082 |
_aES / 030 / _bL55 / |
||
| 110 |
_aCultural Librera Americana S. A. _927021 |
||
| 245 |
_aEnciclopedia Lexus : _bPráctica escolar / |
||
| 260 |
_aBuenos Aires : _bLexus Editores. |
||
| 300 |
_a126 páginas ; _bFotografías, ilustraciones _c28cm |
||
| 505 | _aContenido: t.1: Astronomía y cosmografía -- El universo y la naturaleza -- t.2: Todo ciencias naturales y elementales -- t.3: Análisis literario -- Literatura hispanoamericana -- t.4: La humanidad a través de los tiempos -- Historia universal -- t.5: Geografía y vida -- Geografía general básica -- t.6: Geografía de América y resto del mundo. | ||
| 650 |
_aUniverso _918615 |
||
| 650 |
_aNaturaleza _94241 |
||
| 650 |
_aLiteratura _9416 |
||
| 650 |
_aHistoria _9246 |
||
| 650 |
_aGeografía _9318 |
||
| 942 |
_2ddc _cLIBROS |
||
| 945 | _anom | ||